|
|
|
|
| LEADER |
00000nab a2200000ua 4500 |
| 001 |
vtls010788587 |
| 003 |
SK-MaSNL |
| 005 |
20260303151953.0 |
| 008 |
230222s1968 xo |||||||||||||||||slo| |
| 035 |
|
|
|a (urnnbn)urn:nbn:sk:snk:ar-a037g2
|
| 035 |
|
|
|a (uuid)5b9d9288-b935-4d9f-8048-6cded038c967
|
| 035 |
|
|
|a urn:nbn:sk:snk-ab542v
|
| 040 |
|
|
|a SNKBUCL
|b slo
|c SNKBUCL
|e AACR2
|
| 041 |
0 |
|
|a slo
|
| 044 |
|
|
|a xo
|c SK
|
| 100 |
1 |
|
|a Sedlák, František,
|d 1925-1998
|4 aut
|9 168027
|
| 245 |
1 |
0 |
|a Veterný mlyn v Borskom Mikuláši 1823-1847
|c František Sedlák
|
| 650 |
0 |
7 |
|a veterné mlyny
|2 SNKPH
|9 662842
|
| 651 |
|
7 |
|a Borský Mikuláš (Slovensko)
|2 SNKPHgeo
|9 84425
|
| 773 |
0 |
|
|t Slovenský národopis : časopis Slovenskej akadémie vied
|g Roč. 16, č. 2 (1968), s. 264-272
|
| 954 |
|
|
|a odborná, vedecká literatúra pôvodná (slovenská)
|2 lita
|
| 958 |
|
|
|a OND
|
| 958 |
|
|
|a EUIPO
|
| 958 |
|
|
|a article3
|
| 999 |
|
|
|c 2020913
|d 2022843
|